00586nam a2200181 i 450000100060000000300090000600500170001500700030003200800410003510000210007624501330009726000550023030000220028565000360030770000170034370000230036085200210038327868ES-MaACL20230906153724.0t|030115s1947 sp ||||1| spa d1 aBabor, Joseph A.10aCómo resolver problemas en química física / cpor Joseph A. Babor y Garret W. Thiessen ; traducción de Tomás Batuecas. aBarcelona : bManuel Marín, c1947 (fClarasó) a227 p. ; c20 cm. aQuímica física-vProblemas.1 aThiessen, W.1 aBatuecas, Tomás. aES-MaACLjA-4508